00431nam a22001337a 450000500170000000800410001704100130005808200130007110000130008424500950009726000470019230000320023965000260027120240717131931.0240717b |||||||| |||| 00| 0 eng d aEnglish  a349 SOU  lEnglish  aSouth African Law Reports : bwith which are amalgamated The All South African Law Reports aCape Town: bJuta and Company Ltd, c1960  bxiii, 888 pages ; c26 cm.  aLegal practice bLaw